Countries of Africa with No Clues - Statistics

General Stats
  • This quiz has been taken 83 times
  • The average score is 47 of 54
Answer Stats
Country % Correct
Algeria
96%
Egypt
96%
South Africa
93%
Botswana
92%
Ghana
92%
South Sudan
92%
Sudan
92%
Libya
90%
Niger
90%
Nigeria
90%
Benin
89%
D.R. Congo
89%
Eritrea
89%
Ivory Coast
89%
Lesotho
89%
Liberia
89%
Mali
89%
Rwanda
89%
Uganda
89%
Burundi
88%
Cameroon
88%
Cape Verde
88%
Chad
88%
Guinea
88%
Morocco
88%
Mozambique
88%
Senegal
88%
Togo
88%
Central African Republic
86%
Ethiopia
86%
Madagascar
86%
Namibia
86%
Rep. of the Congo
86%
Zambia
86%
Guinea-Bissau
85%
Mauritania
85%
Somalia
85%
Tanzania
85%
Zimbabwe
85%
Djibouti
84%
Eswatini
84%
Kenya
84%
Mauritius
84%
Seychelles
84%
Sierra Leone
84%
Tunisia
84%
Equatorial Guinea
82%
Angola
81%
Burkina Faso
81%
Comoros
81%
Gambia
81%
São Tomé and Príncipe
79%
Gabon
78%
Malawi
75%
No matching quizzes found
Score Distribution
Percent of People with Each Score
Percentile by Number Answered
Your Score History
You have not taken this quiz